1227 1051 1002 1690 1268 1872 1697 1137 1669 1654 1570 1142 1718 1648 1745 1464 1303 1575 1505 1609 1449 1103 1334 1282 1746 1501 1162 1353 1241 1709 1884 1957 1688 1494 1796 1966 1582 1389 1310 1920 1608 1372 1063 1649 1726 1290 1531 1798 1778 1412 1393 1818 1447 1893 1879 1814 1233 1256 1912 1601 1264 1247 1138 1013 1336 1489 1804 1706 1514 1008 1411 1881 1009 1940 1043 1559 1432 1102 1852 1486 1542 1919 1282 1596 1222 1189 1428 1277 1206 1358 1758 1557 1724 1761 1775 1764 1222 1662 1306 BCNSPRNW ULIB Ver.6.0+V

เปลี่ยนเป็นภาษาไทย

Change to English
 แสดงรายละเอียดบรรณานุกรม
  กลับหน้าหลัก

Brief Record : Get Marc (ISO 2709) : E-mail record : QR code < ปิดหน้าต่าง
LEADER : 00000nam 2200000uu 4500
001    13399126007
003     ULIB
008    020711s2015 th a 000 0 eng d
020    ู^a9780133928211
050    ^aPE1128^bS2757
100    ^aJoan Saslow,Allen Ascher ; With Top Notch Pop Songs and Karaoke by Rob Morsberger.
245    ^aTop Notch : English for today"s world. Fundamentals.
250    3thth ed
260    ^aNY :^b^aPearson Education,Inc,^c2015
300    156 pages
650    ^aEnglish Language-Textbooks for foreign speakers^x^aEnglish Language-Problems,exercises,etc^y^aEnglish Language-Sound recordind for foreign speakers.
945    ^p0^l0^i003424
999    ^aประนอม เกษจรัล
รายการนี้ยังไม่มีแท็ก
คุณยังไม่ได้ล็อกอิน คุณสามารถมีกิจกรรมร่วมกับเว็บไซต์ได้ แต่ต้องล็อกอินก่อน ::
  ล็อกอิน

รายการสื่อสารสนเทศ

ลำดับที่ ประเภท เลขเรียก/บาร์โค้ด สถานที่ สถานะ
1. วิทยาศาสตร์การแพทย์ และสุขภาพ
วิทยาศาสตร์การแพทย์ และสุขภาพ
PE1128 S2757 ฉ.1 
  Barcode: 003424
ห้องสมุดวิทยาเขตสวรรค์ประชารักษ์
►หนังสือทั่วไป
บนชั้น

BibComment


ยังไม่เคยถูกคอมเมนท์

คอมเมนท์ทรัพยากรรายการนี้
  คอมเมนท์: Top Notch Engli..


 Copyright 2026. Bcnsprnw @Library